000 00289nam a22001337a 4500
008 170504b xxu||||| |||| 00| 0 eng d
020 _a9780534549633
041 _aeng
080 _22ND
_a34
100 _a14
101 _aSHJ
245 _aJUDICIAL PROCESS
_cTARR, G.A
942 _2udc
_cBK
999 _c12654
_d12654